000 002570000a22001210004500
041 0 _aENG
082 0 4 _aR 903 A8813a
245 1 0 _aAtlas of islamic history
300 _a48 Pag.
650 1 4 _aPAISES ISLAMICOS - HISTORIA \ ATLAS
001 394
942 _cBK
999 _c31924
_d31924